| 000 | 00747nam a2200217Ia 4500 | ||
|---|---|---|---|
| 003 | GCL | ||
| 008 | 140319s9999 xx 000 0 ara d | ||
| 040 |
_aGCL / _cGCL |
||
| 082 | 0 | 4 |
_a155.4 _bك س |
| 100 | 1 | _aعبدالعزيز القوصى | |
| 245 | 1 | 0 |
_aقدراتك العقلية / _cعبدالعزيز القوصى |
| 700 | 1 | _aمحمد خليفة بركات | |
| 700 | 1 | _aبوثلت، لورين | |
| 700 | 1 | _aبيرن، كاثارين مان | |
| 260 |
_aالقاهرة : _bمكتبة النهضة المصرية ، _c1994 |
||
| 300 |
_a100 ص ؛ _c18 سم |
||
| 490 |
_aسلسلة دراسات سيكولوجية _v22 |
||
| 650 | 0 | 4 | _aالقدرة العقلية |
| 650 | 0 | 4 | _aالشخصية، علم النفس |
| 942 |
_2ddc _cBK |
||
| 999 |
_c47158 _d47158 |
||